[Event "Master"]
[Site "Hyeres"]
[Date "2008.07.10"]
[Round "6"]
[White "Sernagiotto, Mirko Virgilio"]
[Black "Langevin, Philippe"]
[Result "1-0"]
[WhiteElo "2072"]
[BlackElo "2154"]
[Annotator "Salaun,Michel"]
[PlyCount "89"]
[EventDate "2008.07.11"]
[EventType "tourn"]
[EventRounds "7"]
[EventCountry "FRA"]
[SourceDate "2008.07.31"]

1. Nf3 Nf6 2. b3 d5 3. Bb2 Bf5 4. e3 e6 5. Be2 Bd6 6. d4 Nbd7 7. Nbd2 c6 8. c4
Qb8 9. O-O h6 10. h3 g5 11. Re1 g4 12. Nh4 gxh3 13. Nxf5 Bh2+ 14. Kh1 hxg2+ 15.
Kxg2 Rg8+ 16. Kh1 exf5 17. f4 Ne4 18. Nxe4 fxe4 19. Kxh2 Qd8 20. Kh3 Nf6 21.
Rg1 Qd7+ 22. Kh4 O-O-O 23. Bg4 Nxg4 24. Rxg4 h5 25. Rg5 f6 26. Rg1 Rg4+ 27.
Rxg4 hxg4 28. Kg3 f5 29. Qh1 Qf7 30. Rc1 Kb8 31. Rc2 a6 32. Ba3 Qg7 33. Rh2 Qg8
34. Be7 Re8 35. Bd6+ Ka7 36. c5 Qe6 37. Be5 Qc8 38. Rh7 Qd8 39. Bc7 Qc8 40. Qh6
Re6 41. Qg7 Re8 42. Bd6 Ka8 43. Rh5 Qd8 44. b4 Rg8 45. Qh7 1-0

[Event "Master"]
[Site "Hyeres"]
[Date "2008.07.11"]
[Round "7"]
[White "Banuls, Adrien"]
[Black "Brongers, Henk"]
[Result "1/2-1/2"]
[WhiteElo "1814"]
[BlackElo "2070"]
[Annotator "Salaun,Michel"]
[PlyCount "43"]
[EventDate "2008.07.11"]
[EventType "tourn"]
[EventRounds "7"]
[EventCountry "FRA"]
[SourceDate "2008.07.31"]

1. e4 c6 2. Nc3 d5 3. f4 dxe4 4. Nxe4 Nf6 5. Nf2 g6 6. Nf3 Bg7 7. Bc4 O-O 8.
O-O Ng4 9. h3 Nxf2 10. Rxf2 c5 11. c3 Nc6 12. g4 Qd6 13. Ng5 Na5 14. Bf1 b6 15.
Bg2 Bb7 16. Bxb7 Nxb7 17. Qf3 Qd7 18. f5 Rad8 19. fxg6 fxg6 20. Qe4 Rxf2 21.
Kxf2 Rf8+ 22. Kg1 1/2-1/2

[Event "Master"]
[Site "Hyeres"]
[Date "2008.07.11"]
[Round "7.2"]
[White "Kleinplatz, Sam"]
[Black "Penloup, Dominique"]
[Result "1/2-1/2"]
[WhiteElo "2265"]
[BlackElo "1833"]
[Annotator "Salaun,Michel"]
[PlyCount "46"]
[EventDate "2008.07.11"]
[EventType "tourn"]
[EventRounds "7"]
[EventCountry "FRA"]
[SourceDate "2008.07.31"]

1. e4 c5 2. d4 cxd4 3. c3 Nf6 4. e5 Nd5 5. Bc4 Qc7 6. Qe2 Nb6 7. Bd3 d6 8. exd6
Qxd6 9. Nf3 Nc6 10. O-O Bg4 11. h3 Bxf3 12. Qxf3 Rd8 13. cxd4 g6 14. Nc3 Bg7
15. Bf4 Qd7 16. Rad1 O-O 17. d5 Nd4 18. Qg3 Nxd5 19. Bg5 Rc8 20. Nxd5 Qxd5 21.
b3 e6 22. Qh4 Qa5 23. Bf6 Bxf6 1/2-1/2

[Event "Master"]
[Site "Hyeres"]
[Date "2008.07.11"]
[Round "7"]
[White "Villegas, Pierre"]
[Black "Sernagiotto, Mirko Virgilio"]
[Result "1-0"]
[WhiteElo "2105"]
[BlackElo "2072"]
[Annotator "Salaun,Michel"]
[PlyCount "41"]
[EventDate "2008.07.11"]
[EventType "tourn"]
[EventRounds "7"]
[EventCountry "FRA"]
[SourceDate "2008.07.31"]

1. d4 d5 2. c4 c6 3. Nf3 Nf6 4. e3 a6 5. Qc2 b5 6. b3 Bb7 7. Nbd2 Nbd7 8. Bb2
e6 9. Bd3 Rc8 10. c5 g6 11. O-O Bg7 12. b4 Ng4 13. h3 h5 14. Bxg6 Qf6 15. Bd3
e5 16. e4 Qh6 17. Rfe1 Kf8 18. exd5 exd4 19. d6 Nde5 20. Bxd4 Re8 21. Qc3 1-0

[Event "Master"]
[Site "Hyeres"]
[Date "2008.07.11"]
[Round "7.3"]
[White "Langevin, Philippe"]
[Black "Hajage, Samuel"]
[Result "1-0"]
[WhiteElo "2154"]
[BlackElo "1924"]
[Annotator "Salaun,Michel"]
[PlyCount "149"]
[EventDate "2008.07.11"]
[EventType "tourn"]
[EventRounds "7"]
[EventCountry "FRA"]
[SourceDate "2008.07.31"]

1. e4 c5 2. Nf3 Nc6 3. d4 cxd4 4. Nxd4 Nf6 5. Nc3 e5 6. Ndb5 d6 7. Bg5 a6 8.
Na3 b5 9. Nd5 Be7 10. Bxf6 Bxf6 11. Nxb5 axb5 12. Bxb5 Bd7 13. c3 Bg5 14. a4
O-O 15. h4 Bh6 16. g4 g6 17. b4 Nb8 18. Bc4 Be6 19. g5 Bg7 20. Qd3 h5 21. a5
Nc6 22. O-O Ne7 23. Rfd1 Nxd5 24. Bxd5 Bxd5 25. Qxd5 Qc8 26. Rd3 Qg4+ 27. Rg3
Qe6 28. Rd1 Rfd8 29. c4 Rdb8 30. b5 Qxd5 31. Rxd5 Rxa5 32. Rxd6 Rc8 33. b6 Ra1+
34. Kg2 Rb1 35. Rf3 Rxc4 36. Rd8+ Bf8 37. Ra3 Rd4 38. Rc8 Rxb6 39. Raa8 f6 40.
Rxf8+ Kg7 41. Rg8+ Kh7 42. Rge8 Rd7 43. Kg3 Rb3+ 44. f3 fxg5 45. hxg5 Rb5 {(=)}
46. Rh8+ Kg7 47. Rag8+ Kf7 48. Rc8 Kg7 49. Rh6 Rb6 50. Rch8 Kf7 51. Rc8 Kg7 52.
Re8 Rf7 53. Rhh8 Re7 54. Rxe7+ Kxh8 55. Rxe5 Rb3 56. Re8+ Kg7 57. Re7+ Kg8 58.
Re6 Kg7 59. Rf6 Rb1 60. Kf4 Rg1 61. Ra6 h4 62. Ra2 Rh1 63. Ra7+ Kg8 64. Ke5 Rf1
65. f4 h3 66. Ra2 Rf3 67. f5 gxf5 68. exf5 Rb3 69. g6 Rb5+ 70. Kf6 Rb6+ 71. Kg5
Kg7 72. Ra7+ Kg8 73. f6 Rb8 74. Rg7+ Kh8 75. Rh7+ 1-0